Statistics for Greek Mythology based on Percy Jackson

Click here to take the quiz!

General Stats

  • This quiz has been taken 133 times
  • The average score is 12 of 16

Answer Stats

HintStarts withAnswer% Correct
Hercules/Heracles did __ great laborsThis is a number12
96%
What species has 1 eye (easy)CCyclops
95%
Are we thanking Rick Riordan for this? (Yes)YYes
93%
King _____ can turn things to gold with touchMMidas
92%
Who cut up Uranus?KKronos
91%
Who cut up ^ZZeus
88%
But it was meant to be __ originalyThis is a number10
86%
What species is heCCentaur
85%
Similar name, who taught great figures in Greek mythology, son of KronosCChiron
83%
Who was NyxNNight
79%
Who ferry’s the dead people acros river Styx to the underworld?CCharon
72%
What was the name of the figure who sung his way into the underworldOOrpheus
67%
And his wife that he got back; her name was ______EEurydice
45%
Who was Hecate (minor goddess write goddess of _____)GGoddess of magic
43%
What was the Minotaurs original name?AAsterion
29%
Who was the Minotaurs mother?MMedea
21%

Score Distribution

Percentile by Number Answered

Percent of People with Each Score

Your Score History

You have not taken this quiz